| 000 | 00571nam a2200193 a 4500 | ||
|---|---|---|---|
| 001 | 000026478 | ||
| 005 | 20200930030239.0 | ||
| 008 | 110321s2011 dr c 000 0 spa d | ||
| 020 | _a9789945408492 | ||
| 040 |
_aDO-SdBNP _bspa _cBNPHU |
||
| 082 |
_axxxx _bL736c |
||
| 100 | 1 |
_aLópez, Lincoln _953544 |
|
| 245 | 1 | 0 |
_aCultura viva / _cLincoln López; prólogo Randy Ortiz. |
| 260 |
_aSanto Domingo : _bArgos, _c2011. |
||
| 300 |
_a215 p. : _bretr. ; _c23 cm. |
||
| 500 | _aIncluye notas al pie de las páginas | ||
| 700 | 1 |
_aOrtiz, Randy, _epról. _953545 |
|
| 049 | _aBNPD | ||
| 999 |
_c25970 _d25970 |
||